000 01003nam0a22003011 4500
001 rc\4780353
005 20250613082642.0
021 _aRU
_b[60-87239]
035 _a(NLR Aleph) 009028750
090 _a9475302
_c9475302
100 _a20130417d1960 |||y0rusy50 ca
101 0 _arus
102 _aRU
105 _aa z |||||
200 1 _aНовое в технологии отделочных работ
210 _aМинск
_cГосиздат БССР
_d1960
215 _a54 с.
_cил.
_d21
300 _aПеред загл. авт.: И.А. Сагалович, В.З. Либо, А.М. Копелевич, Г.Е. Этин, инженеры
606 _aОтделочные работы
_2psbo
701 1 _aКопелевич
_bА.М.
701 1 _aЭтин
_bГ.И.
701 1 _aЛибо
_bВ.З.
701 1 _aСагалович
_bИ.А.
_gИосиф Аронович
801 0 _aRU
_bNLR
_gpsbo
801 1 _aRU
_bELAR
_2rusmarc
852 _aNLR
_j61-4/88
942 _cBOOK
980 _aNB